[Event "TCh-FRA Top 16 GpB 2023"]
[Site "Chartres FRA"]
[Date "2023.06.06"]
[Round "6.2"]
[Board "2"]
[White "Lucas, Arthur"]
[Black "Santos Latasa, Jaime"]
[Result "1/2-1/2"]
[WhiteTitle "IM"]
[BlackTitle "GM"]
[WhiteElo "2326"]
[BlackElo "2653"]
[WhiteTeam "Poitiers-Migne Echecs"]
[BlackTeam "Marseille Echecs"]
[WhiteFideId "26093073"]
[BlackFideId "2293307"]
[EventDate "2023.06.01"]

1. e4 c5 2. Nf3 d6 3. d4 cxd4 4. Qxd4 Nf6 5. Nc3 Nc6 6. Bb5 Bd7 7. Qd3 g6 8. Bg5
Bg7 9. O-O-O h6 10. Bxf6 Bxf6 11. e5 Bxe5 12. Rhe1 Bxc3 13. Qxc3 O-O 14. Qe3 Kg7
15. Bxc6 Bxc6 16. Qxe7 Qxe7 17. Rxe7 Rfd8 18. Re3 Rac8 19. g3 Re8 20. Rde1 Rxe3
21. Rxe3 Kf6 22. Nd4 Bd7 23. Rf3+ Ke7 24. Re3+ Kf6 25. Rf3+ Ke7 26. Re3+ Kd8 27.
Rf3 Rc4 28. c3 Ke7 29. Re3+ Kf6 30. Rf3+ Ke7 31. Re3+ Kd8 32. Rf3 Be8 33. Kd2
Rc5 34. Kd3 Re5 35. Re3 Ra5 36. a3 Bd7 37. Rf3 Ke7 38. Re3+ Kf6 39. Rf3+ Ke7 40.
Re3+ Kf8 41. h4 Rc5 42. Re1 Re5 43. Re3 Rh5 44. Re1 Rc5 45. Re3 b6 46. Re1 Bc8
47. Re3 Ba6+ 48. Kd2 Bb7 49. Re1 Bc8 50. Re3 Bd7 51. Re1 Rh5 52. Re3 g5 53. hxg5
hxg5 54. Re1 Rh2 55. Ke3 f5 56. Re2 Rh3 57. Rd2 Ke7 58. Ne2 Bc6 59. Nd4 Bd7 60.
Ne2 Rh1 61. Nd4 Rh6 62. Nf3 Rh5 63. Nd4 a5 64. Ne2 Rh2 65. Nd4 Rh5 66. Ne2 Rh3
67. Ng1 Rh1 68. Nf3 f4+ 69. Kd4 g4 70. Nh4 fxg3 71. fxg3 Rh3 72. Rd3 Rh2 73. b4
Ra2 74. c4 axb4 75. axb4 Ra4 76. Rb3 b5 77. cxb5 Be6 78. Rb2 Kd7 79. Ng6 Bf5 1/2-1/2

[Event "TCh-FRA Top 16 GpB 2023"]
[Site "Chartres FRA"]
[Date "2023.06.06"]
[Round "6.2"]
[Board "3"]
[White "Kunin, Vitaly"]
[Black "Lambert, Romain"]
[Result "1-0"]
[WhiteTitle "GM"]
[WhiteElo "2525"]
[BlackElo "2201"]
[WhiteTeam "Marseille Echecs"]
[BlackTeam "Poitiers-Migne Echecs"]
[WhiteFideId "4128737"]
[BlackFideId "658111"]
[EventDate "2023.06.01"]

1. Nf3 d5 2. g3 Bg4 3. Bg2 c6 4. O-O Nd7 5. d4 e6 6. Nbd2 Ngf6 7. Re1 Be7 8. e4
dxe4 9. Nxe4 Nxe4 10. Rxe4 Bf5 11. Re1 O-O 12. c3 Qc7 13. Bf4 Bd6 14. Bxd6 Qxd6
15. Nh4 Nf6 16. Qb3 b5 17. Nxf5 exf5 18. Re5 g6 19. Rae1 Rfe8 20. a4 a6 21. Qa2
Kf8 22. axb5 axb5 23. Rxe8+ Rxe8 24. Rxe8+ Kxe8 25. Qa8+ Kd7 26. Qb7+ Qc7 27.
Bxc6+ 1-0

[Event "TCh-FRA Top 16 GpB 2023"]
[Site "Chartres FRA"]
[Date "2023.06.06"]
[Round "6.2"]
[Board "5"]
[White "Girel, Joseph"]
[Black "Fougerit, Valentin"]
[Result "1-0"]
[WhiteTitle "IM"]
[WhiteElo "2413"]
[BlackElo "2191"]
[WhiteTeam "Marseille Echecs"]
[BlackTeam "Poitiers-Migne Echecs"]
[WhiteFideId "36033561"]
[BlackFideId "634670"]
[EventDate "2023.06.01"]

1. d4 Nf6 2. c4 e6 3. Nf3 d5 4. Nc3 c6 5. e3 a6 6. b3 Bb4 7. Bd2 Nbd7 8. Bd3 O-O
9. O-O Bd6 10. Qc2 h6 11. Rad1 Re8 12. e4 dxc4 13. Bxc4 e5 14. h3 Qe7 15. Be3
Nh5 16. Be2 Nf4 17. Bxf4 exf4 18. e5 Bb4 19. Bc4 Nb6 20. Ne2 g5 21. Qg6+ Kh8 22.
Qxh6+ Kg8 23. Nxg5 1-0

[Event "TCh-FRA Top 16 GpB 2023"]
[Site "Chartres FRA"]
[Date "2023.06.06"]
[Round "6.2"]
[Board "6"]
[White "Saada, Julien"]
[Black "Degraeve, Remy"]
[Result "0-1"]
[WhiteTitle "FM"]
[BlackTitle "IM"]
[WhiteElo "2245"]
[BlackElo "2445"]
[WhiteTeam "Poitiers-Migne Echecs"]
[BlackTeam "Marseille Echecs"]
[WhiteFideId "625388"]
[BlackFideId "26024560"]
[EventDate "2023.06.01"]

1. d4 Nf6 2. c3 d5 3. Nf3 c5 4. e3 Nc6 5. Nbd2 cxd4 6. exd4 Bg4 7. Be2 e6 8. O-O
Bd6 9. Re1 O-O 10. Nf1 Ne4 11. Ng3 f5 12. Bd3 Kh8 13. h3 Bxf3 14. Qxf3 e5 15.
dxe5 Nxe5 16. Qe2 Qh4 17. Nh1 Rae8 18. Bb5 Re7 19. Bd2 Ng4 20. Be3 Bh2+ 21. Kf1
Nxe3+ 22. Qxe3 f4 23. Qd4 f3 24. Re3 fxg2+ 25. Kxg2 Be5 26. Qd3 Rxf2+ 0-1

[Event "TCh-FRA Top 16 GpB 2023"]
[Site "Chartres FRA"]
[Date "2023.06.06"]
[Round "6.2"]
[Board "7"]
[White "Philippe, Guillaume"]
[Black "Ladrat, Matthieu"]
[Result "1-0"]
[WhiteTitle "IM"]
[WhiteElo "2350"]
[BlackElo "2161"]
[WhiteTeam "Marseille Echecs"]
[BlackTeam "Poitiers-Migne Echecs"]
[WhiteFideId "36048763"]
[BlackFideId "618640"]
[EventDate "2023.06.01"]

1. e4 e6 2. Nf3 d5 3. e5 c5 4. b4 d4 5. Bb2 a6 6. Bd3 Nc6 7. bxc5 Bxc5 8. O-O
Nge7 9. Re1 b5 10. a4 b4 11. Be4 Rb8 12. d3 Qc7 13. Nbd2 Bd7 14. Nb3 Qa7 15. Qd2
Ng6 16. Qg5 O-O 17. Qh5 h6 18. Bc1 Be7 19. Bxh6 gxh6 20. Qxh6 Be8 21. h4 Qc7 22.
h5 Ncxe5 23. hxg6 Nxg6 24. Bxg6 fxg6 25. Rxe6 Bf6 26. Rae1 Qg7 27. Qxg7+ Kxg7
28. Rxa6 Bf7 29. Nbxd4 Rfc8 30. Re4 Rb7 31. Rf4 Be7 32. Ne5 Be8 33. Rg4 Rxc2 34.
Nxg6 Rc1+ 35. Kh2 Bxg6 36. Rgxg6+ Kf7 37. Nf5 b3 1-0

[Event "TCh-FRA Top 16 GpB 2023"]
[Site "Chartres FRA"]
[Date "2023.06.06"]
[Round "6.2"]
[Board "8"]
[White "Leriche, Ines"]
[Black "Delorme, Laurie"]
[Result "0-1"]
[BlackTitle "WIM"]
[WhiteElo "1917"]
[BlackElo "2086"]
[WhiteTeam "Poitiers-Migne Echecs"]
[BlackTeam "Marseille Echecs"]
[WhiteFideId "684090"]
[BlackFideId "630829"]
[EventDate "2023.06.01"]

1. d4 d5 2. Nf3 Nf6 3. g3 c5 4. Bg2 h6 5. O-O e6 6. c4 Nc6 7. cxd5 exd5 8. Nc3
Be6 9. Bf4 a6 10. Rc1 c4 11. b3 Ba3 12. bxc4 Bxc1 13. Bxc1 O-O 14. c5 b6 15. Ne5
Rc8 16. Ba3 b5 17. Nxc6 Rxc6 18. Qd3 Qa5 19. Bb2 b4 20. Nd1 Qxa2 21. Qd2 Qb3 22.
Ne3 Re8 23. Bc1 a5 24. f4 Ra6 25. f5 Bd7 26. Nd1 a4 27. Rf3 Qc4 28. Rf1 Rxe2 29.
Qf4 Qa2 30. Ne3 b3 31. Bf3 b2 0-1

[Event "TCh-FRA Top 16 GpB 2023"]
[Site "Chartres FRA"]
[Date "2023.06.06"]
[Round "6.3"]
[Board "1"]
[White "Esipenko, Andrey"]
[Black "Visakh, N R"]
[Result "1-0"]
[WhiteTitle "GM"]
[BlackTitle "GM"]
[WhiteElo "2682"]
[BlackElo "2542"]
[WhiteTeam "Asnieres Le Grand Echiquier"]
[BlackTeam "Metz Fischer"]
[WhiteFideId "24175439"]
[BlackFideId "25012223"]
[EventDate "2023.06.01"]

1. d4 Nf6 2. c4 e6 3. Nc3 Bb4 4. e3 O-O 5. a3 Bxc3+ 6. bxc3 d6 7. g4 e5 8. f3
Re8 9. Ra2 Nc6 10. Ne2 e4 11. Ng3 exf3 12. h3 h5 13. Qxf3 h4 14. Nf5 d5 15. Bg2
Be6 16. O-O Na5 17. Nxg7 Kxg7 18. e4 Nxe4 19. Qf4 Ng5 20. Qxg5+ Qxg5 21. Bxg5
Nxc4 22. Bxh4 Ne3 23. Bf6+ Kh7 24. Rf4 Rg8 25. Bf3 Nf5 26. Re2 Rg6 27. g5 Rag8
28. Kf2 Rxg5 29. Bxg5 Rxg5 30. Re5 1-0

[Event "TCh-FRA Top 16 GpB 2023"]
[Site "Chartres FRA"]
[Date "2023.06.06"]
[Round "6.3"]
[Board "2"]
[White "Taddei, Benoit"]
[Black "Alekseenko, Kirill"]
[Result "1/2-1/2"]
[WhiteTitle "FM"]
[BlackTitle "GM"]
[WhiteElo "2292"]
[BlackElo "2686"]
[WhiteTeam "Metz Fischer"]
[BlackTeam "Asnieres Le Grand Echiquier"]
[WhiteFideId "610151"]
[BlackFideId "4135539"]
[EventDate "2023.06.01"]

1. d4 Nf6 2. Nf3 e6 3. Bg5 h6 4. Bh4 b6 5. Nbd2 Bb7 6. e3 d6 7. Bxf6 Qxf6 8. Bd3
Nd7 9. Qe2 a6 10. c3 g6 11. O-O Bg7 12. a4 O-O 13. e4 e5 14. d5 Qe7 15. g3 Nc5
16. Bc2 c6 17. b4 Nd7 18. dxc6 Bxc6 19. Qd3 Nf6 20. Bb3 Rfd8 21. c4 a5 22. b5
Bb7 23. Bd1 Nd7 24. Re1 Nc5 25. Qb1 Rf8 26. Nh4 h5 27. Nb3 Ne6 28. Ra2 Rac8 29.
Be2 Ng5 30. Bf1 Qe6 31. Qd3 Bh6 32. f3 Rc7 33. Rd2 Rd8 34. c5 bxc5 35. Nxa5 c4
36. Qc2 d5 37. Nxb7 Rxb7 38. Rxd5 Rxd5 39. exd5 Qxd5 40. Qxc4 Qd8 41. Rxe5 Qb6+
42. Kg2 Rc7 43. Qd3 Rc1 44. f4 Ne6 45. Nf3 Bg7 46. Re1 Rc3 47. Qd5 h4 48. Re2
Bf6 49. f5 h3+ 50. Kxh3 gxf5 51. Kg2 Rc5 52. Qd7 1/2-1/2

[Event "TCh-FRA Top 16 GpB 2023"]
[Site "Chartres FRA"]
[Date "2023.06.06"]
[Round "6.3"]
[Board "4"]
[White "Micottis, Dorian"]
[Black "Movsesian, Sergei"]
[Result "0-1"]
[WhiteTitle "FM"]
[BlackTitle "GM"]
[WhiteElo "2267"]
[BlackElo "2615"]
[WhiteTeam "Metz Fischer"]
[BlackTeam "Asnieres Le Grand Echiquier"]
[WhiteFideId "26021986"]
[BlackFideId "310204"]
[EventDate "2023.06.01"]

1. e4 c5 2. Nf3 e6 3. g3 Nc6 4. Bg2 Nf6 5. Qe2 e5 6. O-O Be7 7. Nc3 d6 8. Nd5
Be6 9. Ng5 Nd4 10. Qd1 Bd7 11. Nxe7 Qxe7 12. c3 Nc6 13. d3 h6 14. Nf3 O-O 15.
Nd2 Bg4 16. Qc2 Qd7 17. Re1 Bh3 18. Bh1 d5 19. exd5 Nxd5 20. Nc4 Rfe8 21. Be3 b6
22. a4 Rac8 23. Qb3 Be6 24. Qb5 Nde7 25. Red1 Bd5 26. a5 Bxh1 27. Kxh1 Nd5 28.
axb6 axb6 29. Kg2 Rb8 30. f3 Re6 31. Bc1 Rf6 32. Ne3 Nxe3+ 33. Bxe3 Rxf3 34. Re1
Rf6 35. Qc4 Ne7 36. Rf1 Nd5 37. Bd2 Rd8 38. Rae1 Rxf1 39. Kxf1 Qf5+ 40. Kg2 Nf6
41. Bc1 Rxd3 42. Rxe5 Qf3+ 0-1

[Event "TCh-FRA Top 16 GpB 2023"]
[Site "Chartres FRA"]
[Date "2023.06.06"]
[Round "6.3"]
[Board "5"]
[White "Cornette, Matthieu"]
[Black "Pucher, Sebastien"]
[Result "1-0"]
[WhiteTitle "GM"]
[BlackTitle "FM"]
[WhiteElo "2578"]
[BlackElo "2313"]
[WhiteTeam "Asnieres Le Grand Echiquier"]
[BlackTeam "Metz Fischer"]
[WhiteFideId "620084"]
[BlackFideId "627232"]
[EventDate "2023.06.01"]

1. e4 Nf6 2. e5 Nd5 3. d4 d6 4. c4 Nb6 5. f4 dxe5 6. fxe5 Nc6 7. Be3 Bf5 8. Nc3
e6 9. Nf3 Be7 10. Be2 O-O 11. O-O f6 12. exf6 Bxf6 13. Qd2 Qe7 14. Rad1 Rad8 15.
Qc1 e5 16. d5 Nd4 17. b3 c6 18. Nxd4 exd4 19. Bxd4 cxd5 20. cxd5 Rc8 21. Qd2
Bxd4+ 22. Qxd4 Rxc3 23. Qxc3 Qxe2 24. d6 Be4 25. Rxf8+ Kxf8 26. Rf1+ Kg8 27. Qg3
Bc6 28. h3 h6 29. a4 Qe6 30. Re1 Qf6 31. a5 Nd7 32. a6 bxa6 33. Re8+ Nf8 34. Re7
Qd4+ 35. Kh1 Nd7 36. Qg6 Qf6 37. Qd3 Kh8 38. Re8+ Nf8 39. d7 Bxd7 40. Qxd7 Qf1+
41. Kh2 Qf4+ 42. Kg1 Qc1+ 43. Kf2 Qc2+ 44. Kf1 Qc1+ 45. Ke2 Qc2+ 46. Qd2 Qf5 47.
Qe3 Kg8 48. Qe4 Qf6 49. Qd5+ Kh7 50. Qe5 1-0

[Event "TCh-FRA Top 16 GpB 2023"]
[Site "Chartres FRA"]
[Date "2023.06.06"]
[Round "6.3"]
[Board "6"]
[White "Schippke, Manon"]
[Black "Pelletier, Yannick"]
[Result "1/2-1/2"]
[WhiteTitle "WFM"]
[BlackTitle "GM"]
[WhiteElo "2097"]
[BlackElo "2511"]
[WhiteTeam "Metz Fischer"]
[BlackTeam "Asnieres Le Grand Echiquier"]
[WhiteFideId "45100446"]
[BlackFideId "1301837"]
[EventDate "2023.06.01"]

1. e4 e6 2. d4 d5 3. Nd2 c5 4. exd5 exd5 5. Ngf3 Nf6 6. Bb5+ Bd7 7. Bxd7+ Nbxd7
8. O-O Be7 9. dxc5 Nxc5 10. Nb3 Nce4 11. Nfd4 Qd7 12. Qf3 g6 13. Bh6 Ng4 14. Bf4
O-O 15. Qh3 Ngf6 16. Qxd7 Nxd7 17. f3 Nef6 18. Rfe1 Rfe8 19. Rad1 a6 20. c3 Nb6
21. Re2 Bf8 22. Kf2 Nc4 23. Bc1 Bd6 24. g3 h5 25. h4 Kg7 26. Na1 b5 27. Nac2 Nb6
28. Ne3 Red8 29. Ng2 Rac8 30. a3 Bc5 31. Bf4 Rd7 32. Ne1 Nc4 33. Nd3 Bb6 34.
Rde1 Ng8 35. Re8 Rdd8 36. Rxd8 Rxd8 37. Re2 a5 38. Ke1 Bxd4 39. cxd4 a4 40. Kd1
Rd7 41. Re8 Rb7 42. Rd8 Ne7 43. Kc2 f6 44. Kc3 Kf7 45. g4 Rb6 46. Nc5 b4+ 47.
axb4 a3 48. bxa3 Nxa3 49. Bh6 Nb5+ 50. Kd2 Nc6 51. Rxd5 Nbxd4 52. gxh5 1/2-1/2

[Event "TCh-FRA Top 16 GpB 2023"]
[Site "Chartres FRA"]
[Date "2023.06.06"]
[Round "6.3"]
[Board "7"]
[White "Degraeve, Jean-Marc"]
[Black "Muller, Etienne"]
[Result "1-0"]
[WhiteTitle "GM"]
[WhiteElo "2463"]
[BlackElo "2186"]
[WhiteTeam "Asnieres Le Grand Echiquier"]
[BlackTeam "Metz Fischer"]
[WhiteFideId "600270"]
[BlackFideId "20674228"]
[EventDate "2023.06.01"]

1. e4 c5 2. c3 g6 3. d4 cxd4 4. cxd4 d5 5. e5 Nc6 6. Nf3 Bg4 7. Bb5 Nh6 8. Bxc6+
bxc6 9. Nbd2 Bg7 10. h3 Bc8 11. O-O O-O 12. Nb3 f6 13. Re1 Nf7 14. Bf4 g5 15.
Bh2 g4 16. hxg4 Bxg4 17. exf6 Bxf6 18. Qd3 Kh8 19. Ne5 Nxe5 20. Bxe5 Qe8 21. f3
Bh5 22. Nc5 Rf7 23. Qe3 Qg8 24. Kf2 Rg7 25. g4 Rf8 26. Nd7 Bxg4 27. Bxf6 Bxd7
28. Qxe7 Rf7 29. Qe5 Qf8 30. Bxg7+ Rxg7 31. Rg1 1-0

[Event "TCh-FRA Top 16 GpB 2023"]
[Site "Chartres FRA"]
[Date "2023.06.06"]
[Round "6.3"]
[Board "8"]
[White "Hisler, Thomas"]
[Black "Guichard, Pauline"]
[Result "1/2-1/2"]
[BlackTitle "IM"]
[WhiteElo "2178"]
[BlackElo "2395"]
[WhiteTeam "Metz Fischer"]
[BlackTeam "Asnieres Le Grand Echiquier"]
[WhiteFideId "617997"]
[BlackFideId "639370"]
[EventDate "2023.06.01"]

1. e4 e5 2. Nf3 Nc6 3. Bb5 g6 4. d4 exd4 5. c3 a6 6. Bxc6 dxc6 7. cxd4 Bg7 8. h3
Ne7 9. O-O Qd6 10. Nc3 h6 11. Re1 g5 12. e5 Qg6 13. Ne4 O-O 14. Qb3 a5 15. Bd2
Nd5 16. Rac1 a4 17. Qa3 Rd8 18. Nh2 Bf5 19. Qf3 Ra6 20. Nc5 Ra7 21. g4 Bc8 22.
Nf1 Ne7 23. Bc3 b6 24. Ne4 Be6 25. a3 Raa8 26. Nfg3 Kh8 27. Nh5 Rd7 28. Nef6
Bxf6 29. Nxf6 Rdd8 30. Bb4 Bd5 31. Qc3 Ng8 32. Nxd5 cxd5 33. Qxc7 Rac8 34. Qb7
Rxc1 35. Rxc1 h5 36. Qc7 Re8 37. Qc6 Re6 38. Qxd5 Qd3 39. Rc3 Qd1+ 40. Kg2 hxg4
41. Rg3 gxh3+ 42. Rxh3+ Nh6 43. Qa8+ Kh7 44. Qe4+ Kg8 45. Qa8+ Kh7 46. Qe4+ Kg8
47. Bc3 g4 48. Rd3 Qb1 49. d5 Rg6 50. Rd4 Qc1 51. Qf4 Qc2 52. Rd2 Qb1 53. d6 Nf5
54. Qh2 Qe4+ 55. Kf1 Qb1+ 56. Ke2 Qe4+ 57. Kd1 Qb1+ 58. Ke2 Qe4+ 59. Kd1 Rh6 60.
Qxh6 Nxh6 61. d7 Qb1+ 62. Ke2 Qe4+ 63. Kd1 Qb1+ 1/2-1/2

[Event "TCh-FRA Top 16 GpB 2023"]
[Site "Chartres FRA"]
[Date "2023.06.06"]
[Round "6.4"]
[Board "1"]
[White "Bluebaum, Matthias"]
[Black "Saric, Ivan"]
[Result "1-0"]
[WhiteTitle "GM"]
[BlackTitle "GM"]
[WhiteElo "2672"]
[BlackElo "2670"]
[WhiteTeam "Mulhouse Philidor"]
[BlackTeam "Grasse Echecs"]
[WhiteFideId "24651516"]
[BlackFideId "14508150"]
[EventDate "2023.06.01"]

1. d4 Nf6 2. c4 e6 3. Nc3 Bb4 4. e3 O-O 5. Bd3 d5 6. a3 Bxc3+ 7. bxc3 dxc4 8.
Bxc4 c5 9. Nf3 Qc7 10. Be2 b6 11. Bb2 Bb7 12. O-O Nbd7 13. c4 cxd4 14. exd4 Rac8
15. Nd2 Rfd8 16. a4 Qc6 17. Bf3 Qc7 18. Re1 Bxf3 19. Qxf3 a6 20. Rec1 Qc6 21.
Qe2 Nf8 22. Nf1 Ng6 23. d5 exd5 24. cxd5 Qe8 25. Rxc8 Rxc8 26. Qd2 Rd8 27. Bxf6
gxf6 28. Ne3 Qe4 29. h3 f5 30. Re1 Nh4 31. f3 Qxf3 32. Nf1 h6 33. gxf3 Nxf3+ 34.
Kf2 Nxd2 35. Nxd2 Rxd5 36. Nf3 b5 37. Re8+ Kg7 38. Ra8 Rd6 39. axb5 axb5 40. Rb8
Rd5 41. Ke3 Rd1 42. Rxb5 Rh1 43. h4 Kg6 44. Kf4 Ra1 45. Rb6+ f6 46. Rd6 Ra4+ 47.
Rd4 Ra2 48. Kg3 Re2 49. Nd2 Kh5 50. Nf1 Kg6 51. Rf4 Re5 52. Kf3 Ra5 53. Ng3 Ra3+
54. Kg2 Ra2+ 55. Kh3 Ra5 56. Rf3 Re5 57. Kg2 h5 58. Rf2 Ra5 59. Ne2 Ra4 60. Nf4+
Kh6 61. Kg3 Ra3+ 62. Rf3 Ra1 63. Nd5 Rg1+ 64. Kh2 Rd1 65. Rxf5 Rd2+ 66. Kg3 Rd3+
67. Kf2 Rd4 68. Nf4 1-0

[Event "TCh-FRA Top 16 GpB 2023"]
[Site "Chartres FRA"]
[Date "2023.06.06"]
[Round "6.4"]
[Board "2"]
[White "Demuth, Adrien"]
[Black "Narayanan, S.L."]
[Result "1/2-1/2"]
[WhiteTitle "GM"]
[BlackTitle "GM"]
[WhiteElo "2485"]
[BlackElo "2657"]
[WhiteTeam "Grasse Echecs"]
[BlackTeam "Mulhouse Philidor"]
[WhiteFideId "642274"]
[BlackFideId "5058422"]
[EventDate "2023.06.01"]

1. e4 c5 2. g3 d5 3. exd5 Qxd5 4. Nf3 Bg4 5. Bg2 Qe6+ 6. Kf1 Nc6 7. h3 Bh5 8. d3
Qd7 9. Nc3 e6 10. Be3 Nf6 11. g4 Bg6 12. g5 Nh5 13. d4 O-O-O 14. dxc5 Qxd1+ 15.
Rxd1 Rxd1+ 16. Nxd1 Bxc2 17. Nc3 Be7 18. Kg1 Rd8 19. Kh2 f6 20. Rc1 Bg6 21. a3
f5 22. b4 f4 23. Bd2 Nd4 24. Be1 e5 25. Nxe5 Bxg5 26. Nf3 Nb3 27. Rd1 Rxd1 28.
Nxd1 Bf6 29. Bc3 Bc2 30. Bxf6 Nxf6 31. Nc3 h6 32. Nb5 Kb8 33. Nfd4 Nxd4 34. Nxd4
Bd3 35. h4 Ng4+ 36. Kg1 Ne5 1/2-1/2

[Event "TCh-FRA Top 16 GpB 2023"]
[Site "Chartres FRA"]
[Date "2023.06.06"]
[Round "6.4"]
[Board "3"]
[White "Mendonca, Leon Luke"]
[Black "Wirig, Anthony"]
[Result "1-0"]
[WhiteTitle "GM"]
[BlackTitle "GM"]
[WhiteElo "2623"]
[BlackElo "2518"]
[WhiteTeam "Mulhouse Philidor"]
[BlackTeam "Grasse Echecs"]
[WhiteFideId "35028561"]
[BlackFideId "615013"]
[EventDate "2023.06.01"]

1. d4 Nf6 2. c4 e6 3. Nf3 Bb4+ 4. Bd2 Qe7 5. e3 Bxd2+ 6. Qxd2 d5 7. Be2 O-O 8.
O-O Rd8 9. Qc2 dxc4 10. Qxc4 b6 11. Rc1 Ba6 12. Qc2 Bxe2 13. Qxe2 c5 14. dxc5
Rc8 15. Nbd2 Rxc5 16. Nb3 Rxc1+ 17. Rxc1 Qb7 18. Qc4 Nbd7 19. Nbd4 Qd5 20. a3
Qxc4 21. Rxc4 Ne8 22. g4 h6 23. Nc6 a5 24. h4 Nc5 25. Rd4 f6 26. h5 e5 27. Rd1
a4 28. Nh4 Nc7 29. Nf5 N7e6 30. Rd6 Kf7 31. Nb4 Rd8 32. Rxb6 Rd1+ 33. Kg2 Ne4
34. Rb7+ Kf8 35. Rb8+ Kf7 36. Rc8 Rd2 37. Rc2 N6c5 38. Kf3 Rxc2 39. Nxc2 Nd2+
40. Ke2 Nc4 41. f3 e4 42. f4 Nxb2 43. Kd2 Nbd3 44. Kc3 Nf2 45. Kb4 Ne6 46. Kxa4
Nxg4 47. Nd6+ Ke7 48. Nxe4 f5 49. Ng3 Kf6 50. Kb5 g6 51. hxg6 Kxg6 52. a4 h5 53.
a5 h4 54. Nf1 Nf6 55. Kc6 Ne8 56. a6 N6c7 57. a7 Kh5 58. Nh2 1-0

[Event "TCh-FRA Top 16 GpB 2023"]
[Site "Chartres FRA"]
[Date "2023.06.06"]
[Round "6.4"]
[Board "4"]
[White "Parligras, Mircea-Emilian"]
[Black "Burri, Quentin"]
[Result "1/2-1/2"]
[WhiteTitle "GM"]
[BlackTitle "IM"]
[WhiteElo "2556"]
[BlackElo "2403"]
[WhiteTeam "Grasse Echecs"]
[BlackTeam "Mulhouse Philidor"]
[WhiteFideId "1204297"]
[BlackFideId "26028654"]
[EventDate "2023.06.01"]

1. d4 d5 2. c4 c6 3. Nf3 Nf6 4. Nc3 dxc4 5. a4 e6 6. e3 c5 7. Bxc4 Nc6 8. O-O
Be7 9. Qe2 cxd4 10. exd4 O-O 11. Rd1 Nb4 12. Ne5 Bd7 13. d5 exd5 14. Nxd5 Nbxd5
15. Bxd5 Nxd5 16. Rxd5 Bg4 17. Qc4 Qxd5 18. Qxd5 Rad8 19. Qb3 Rd1+ 20. Qxd1 Bxd1
21. Bg5 Bxg5 22. Rxd1 Rc8 23. g3 Bf6 24. Rd5 Bxe5 25. Rxe5 Kf8 26. a5 f6 27. Rh5
Rc2 28. b4 Rc4 29. Rb5 Rc7 30. Kg2 Ke7 31. Kf3 Kd6 32. Ke4 Re7+ 33. Kd4 a6 34.
Rd5+ Kc6 35. Rc5+ Kd7 36. Rh5 g6 37. Rd5+ Kc6 38. Rc5+ Kd6 39. Rc2 Re1 40. h4 f5
41. Rc8 Re4+ 42. Kc3 f4 43. Rc4 Rxc4+ 44. Kxc4 fxg3 45. fxg3 Kc6 46. g4 b6 47.
axb6 Kxb6 48. g5 Kc6 49. Kc3 Kb5 50. Kb3 Kb6 51. Ka4 Kc6 52. Ka5 Kb7 53. b5 axb5
54. Kxb5 Kc7 55. Kc5 Kd7 56. Kd5 Ke7 57. Ke5 Kf7 58. Kd6 Kg7 59. Ke6 Kg8 60. Ke7
Kg7 61. Ke6 1/2-1/2

[Event "TCh-FRA Top 16 GpB 2023"]
[Site "Chartres FRA"]
[Date "2023.06.06"]
[Round "6.4"]
[Board "5"]
[White "Rakotomaharo, Fy Antenaina"]
[Black "Milliet, Sophie"]
[Result "1/2-1/2"]
[WhiteTitle "IM"]
[BlackTitle "IM"]
[WhiteElo "2462"]
[BlackElo "2384"]
[WhiteTeam "Mulhouse Philidor"]
[BlackTeam "Grasse Echecs"]
[WhiteFideId "13100050"]
[BlackFideId "623725"]
[EventDate "2023.06.01"]

1. e4 e5 2. Nf3 Nc6 3. Bb5 Nge7 4. O-O Ng6 5. Nc3 Bc5 6. d3 O-O 7. Bg5 f6 8. Be3
Bxe3 9. fxe3 Kh8 10. Qe1 a6 11. Ba4 b5 12. Bb3 Na5 13. Ne2 Nxb3 14. axb3 d5 15.
exd5 Qxd5 16. b4 c5 17. Kh1 Bb7 18. e4 Qc6 19. bxc5 Qxc5 20. c3 Rad8 21. Rd1 a5
22. Ng3 b4 23. d4 Qc4 24. d5 Ba6 25. cxb4 axb4 26. Ra1 Nf4 27. Qe3 Ra8 28. Rfc1
Qd3 29. Qc5 Qb5 30. Ne1 h5 31. h4 Rfc8 32. Qe7 Re8 33. Qf7 Rf8 34. Qe7 Rfe8 35.
Qc5 Rec8 36. Qe3 Rxc1 37. Rxc1 Qd7 38. Qf3 Bb5 39. Nf5 g6 40. Ne3 Ra2 41. Qf2 b3
42. Nc4 Qc8 43. Qb6 Bxc4 44. Qxf6+ Kg8 45. Qxe5 Ne2 46. Rxc4 Qxc4 47. Qe8+ Kg7
48. Qe7+ Kg8 49. Qe8+ Kg7 1/2-1/2

[Event "TCh-FRA Top 16 GpB 2023"]
[Site "Chartres FRA"]
[Date "2023.06.06"]
[Round "6.4"]
[Board "6"]
[White "Sochacki, Christophe"]
[Black "Riff, Jean-Noel"]
[Result "1-0"]
[WhiteTitle "GM"]
[BlackTitle "GM"]
[WhiteElo "2450"]
[BlackElo "2401"]
[WhiteTeam "Grasse Echecs"]
[BlackTeam "Mulhouse Philidor"]
[WhiteFideId "662569"]
[BlackFideId "611190"]
[EventDate "2023.06.01"]

1. e4 e5 2. Nf3 Nc6 3. Bb5 a6 4. Ba4 Nf6 5. O-O Be7 6. Re1 b5 7. Bb3 d6 8. c3
O-O 9. h3 Na5 10. Bc2 c5 11. d4 Qc7 12. Nbd2 cxd4 13. cxd4 Nc6 14. d5 Nb4 15.
Bb1 a5 16. Nf1 Bd7 17. Be3 Rfc8 18. Qd2 Qd8 19. Ng3 h6 20. a3 Na6 21. b4 axb4
22. axb4 Nc7 23. Bd3 Rxa1 24. Rxa1 Ra8 25. Rc1 Qb8 26. Qc3 Bd8 27. Nd2 Na6 28.
Nb3 Bb6 29. Nf1 Bxe3 30. Nxe3 Qb6 31. Ra1 Rc8 32. Qd2 Nh5 33. Kh2 Nf4 34. Bf1
Ng6 35. Kg1 Ne7 36. Bd3 Kf8 37. Kh2 Kg8 38. g3 Nc7 39. f4 Ne8 40. fxe5 dxe5 41.
Nc5 Rxc5 42. bxc5 Qxc5 43. Nc2 Nf6 44. Ne1 Ng6 45. Nf3 b4 46. Rc1 Qb6 47. Rb1 b3
48. Rb2 h5 49. Qf2 Qb4 50. Qe1 Qb6 51. Nd2 h4 52. Rxb3 hxg3+ 53. Qxg3 Qa7 54.
Nc4 Nf4 55. Bf1 Qa1 56. Bg2 Qd4 57. Nd6 g6 58. Rb8+ Kg7 59. Qh4 N4h5 60. Qg5 Nf4
61. Qh4 N4h5 62. Qg5 Nf4 63. Rh8 Ng4+ 64. hxg4 Kxh8 65. Qxe5+ Qxe5 66. Nxf7+ Kg7
67. Nxe5 Bb5 68. g5 1-0